00521nam a2200145Ia 450000500170000000800410001702000180005805000240007610000410010024501100014126000320025130000270028365000270031070000380033720231102152110.0120720s2009 mx 000 0 spa d a9786070500602 aHF5658.C8bM37 200910aMartí de Adalid, Ma. Teresaeautor10aContabilidad de Costosb: costos por procesosc / Ma. Teresa Martí de Adalid, Eduardo Solorio Jiménez aMéxicob : Limusac, 2009 a[Paginación Varía]14aCONTABILIDAD DE COSTOS aSolorio Jiménez, Eduardoeautor